000 01257cam a2200325 i 4500
999 _c46985
_d46985
001 768714001
003 CO-MdFUSB
005 20200526133053.0
007 ta
008 160825t1987 xxua|||f |||| 00| 0 eng d
020 _a0800617738
040 _aCO-MdFUSB
_bEspañol
_cCO-MdFUSB
_dCO-MdFUSB
_erda
041 _aeng
082 _223
_a224
_bP965
245 1 0 _aProphecy in Israel :
_bsearch for an identity
_c/ editado por David L. Petersen
264 1 _aPhiladelphia, Pennsylvania :
_bFortress Press,
_c[1987]
264 4 _c© 1987
300 _axi, 178 páginas
_c; 22 cm
336 _2rdacontent
_atexto
_btxt
337 _2rdamedia
_asin mediación
_bn
338 _2rdacarrier
_avolumen
_bnc
490 _aIssues in religion and theology
505 0 _aFormas de pensar acerca de los profetas de Israel - Los profetas como escritores y poetas - Culto y profecía - El profeta - El profeta como mensajero de Yahvé - El arte de gobernar asirio y los profetas de Israel - Justicia: Perspectivas de la tradición profética - El papel de los profetas y el papel de la Iglesia
563 _aRústico
653 _aProfetas
700 _93931
_aPetersen, David Lee,
_eeditor
942 _cBK
945 _aJTF-925